Jahrbuch der Königlich Preussischen Kunstsammlungen

محفوظ في:

التنسيق: دورية

اللغة: Undetermined

منشور في: JSTOR
Staatliche Museen zu Berlin -- Preußischer Kulturbesitz

الموضوعات:

الوصول للمادة أونلاين: Login to view Source

الوسوم: إضافة وسم

لا توجد وسوم, كن أول من يضع وسما على هذه التسجيلة!

رقم الطلب:

LEADER 00540nas a2200157Ia 4500
008 220214c99999999xx |||||||||||| ||und||
022 |a 1431-5955 
245 0 0 |a Jahrbuch der Königlich Preussischen Kunstsammlungen 
264 1 |b JSTOR 
264 1 |b Staatliche Museen zu Berlin -- Preußischer Kulturbesitz 
362 0 |a Vol. 1(1880)-39 (1919) 
653 1 0 |a Arts 
856 4 0 |u https://www.jstor.org/journal/jahrkoenpreukuns 
942 |c JL 
952 |0 0  |1 0  |4 0  |7 1  |9 35438  |a JSR  |b JSR  |d 2022-02-14  |l 0  |r 2022-02-14 00:00:00  |w 2022-02-14  |y JL 
999 |c 43771  |d 43771